000 00301nam a2200121Ia 4500
008 220216s9999 xx 000 0 und d
100 _aEvans VStephen
245 0 _aIRSG: Guiding the rubber world
260 _bInternational Rubber Journal
_c2013
300 _a14-21
650 _aRubber
942 _cJS
999 _c61690
_d61690